LEADER 02059nam a2200289 i 4500 001 000000028697 003 CaOOAMICUS 005 20230320150025.0 008 180830s1662 fr u000 u lat u 040 $aSeMil$bita 100 1 $aAldrete, Bernardo,$c.$0(OLS)http://semarc/name/32794 245 10$aR.P. Bernardi Aldrete Zamoranensi e' Societate Iesu, ... Commentariorum et disputationum in primam partem D. Thomae, de Visione & Scientia Dei. Tomus 1. [-posterior]. Tribus appendicibus locupletatus; quorum 1. Disputationes, Sectiones & .. 250 $aNunc primum in lucem prodit. 264 1$aLugduni :$bSumpt. Horatii Boissat, & Georgii Remeus,$c1662. 300 $a2 v. ;$cfol. 500 $aFront.stampati in rosso e nero 500 $aMarche non controllate (Nave. Motto: Ingenium superat vires. Iniziali B.R.) calcogr. sui front incise da François Cars e xil. alla fine del vol. 1. 500 $aTit. dell'occhietto del primo vol.: R. P. Bernardi Aldrete Zamoranensis, Societatis Iesu, In primam partem Diui Thomae 500 $aTesto su due colonne 600 04$aTommaso : d'Aquino .$0(OLS)http://semarc/subject/115 700 1 $aCars, François .$0(OLS)http://semarc/name/67805 700 1 $aBoissat, Horace & Remeus, George,$c.$0(OLS)http://semarc/name/117266 774 0 $aAldrete, Bernardo $tTomus prior.$g1$w()65211 774 0 $aAldrete, Bernardo $tCommentariorum ac disputationum in primam partem Diui Thomae, De Voluntate Dei, & de Praedestinatione, & Reprobatione. Tomus posterior.$g2$w()65212 996 $6245$aR.P. Bernardi Aldrete Zamoranensi e' Societate Iesu, ... Commentariorum et disputationum in primam partem D. Thomae, de Visione & Scientia Dei. Tomus 1. [-posterior]. Tribus appendicibus locupletatus; quorum 1. Disputationes, Sectiones & ..$9(OLS)http://semarc/title/38963 996 $6264$aLugduni :$bSumpt. Horatii Boissat, & Georgii Remeus$9(OLS)http://semarc/publisher/37842 LEADER 01275nam a2200241 i 4500 001 000000191501 003 CaOOAMICUS 005 20100806000000.0 008 100806s1974 it u000 u ita u 013 $a170057 040 $aSeMil$bita 100 1 $aParedi, Angelo,$c.$0(OLS)http://semarc/name/17012 245 10$aPolitica di s. Ambrogio :$bnel 16. centenario della sua elevazione a vescovo di Milano : 374-1974 /$cAngelo Paredi. 260 $aMilano :$bStrenna dell'Istituto Ortopedico Gaetano Pini,$c1974. 300 $a168 p. :$bill. ;$c27 cm. 490 0 $aLe Strenne del Pio Istituto Rachitici relative a Milano ed alla Lombardia 650 4$aAmbrogio - Politica.$0(OLS)http://semarc/subject/20453 830 3$aLe Strenne del Pio Istituto Rachitici relative a Milano ed alla Lombardia.$0(OLS)http://semarc/title/19823 850 $aSeMil 852 $aSeMil$W1$xVenegono$y1$m2U IV 95$j142115$B142115$CSeMilBibl$Z2$F153652 $81 961 $aRecupero: Altro 996 $6245$aPolitica di s. Ambrogio :$bnel 16. centenario della sua elevazione a vescovo di Milano : 374-1974$9(OLS)http://semarc/title/275943 996 $6260$aMilano :$bStrenna dell'Istituto Ortopedico Gaetano Pini$9(OLS)http://semarc/publisher/44420